=LDR 00000nam 2200000 4500 =001 INLIS000000000013780 =005 20130612105122 =008 ***********************************Ind** =035 ##$$0010-061300000013780 =041 ##$$a Ind =082 ##$$a 646.3 =090 ##$$a 646.3, Jum k =100 ##$$a Jumanta =245 ##$$a Kaos, Jumanta =260 ##$$a 2004 $b Jakarta =300 ##$$a 88 hlm, Ilus, 28 cm =650 ##$$a Pakaian - Kaos =850 ##$$a NBPNMAT